Kluby które mają najwięcej wygranych w UCL - Statystyki

Ogólne statystyki
  • Ten quiz został rozwiązany 263 razy
  • Średni wynik to 12 z 22
Statystyki odpowiedzi
Ilość wygranych Klub % Poprawnych
13 Real Madryt
100%
5 Barcelona
95%
6 Bayern
93%
6 Liverpool
89%
7 AC Milan
87%
3 Manchester United
81%
2 Chelsea
78%
3 Inter
78%
2 Juventus
75%
4 Ajax
67%
1 Borussia Dortmund
58%
2 Porto
56%
2 Benfica
48%
2 Nottingham Forest
38%
1 Marsylia
34%
1 Aston Villa
32%
1 Celtic
22%
1 Crvena Zvezda
22%
1 Feyenoord
22%
1 Steaua
21%
1 Hamburger SV
16%
1 PSV Eindhoven
12%
Nie znaleziono quizów pasujących do podanych kryteriów
Rozkład punktacji
Procent ludzi z każdym wynikiem
Percentyl według liczby udzielonych odpowiedzi
Twoja historia wyników
Nie rozwiązałeś tego quizu